Theory of Elasticity (Record no. 60096)
[ view plain ]
| 000 -LEADER | |
|---|---|
| fixed length control field | 00672nam a22002057a 4500 |
| 003 - CONTROL NUMBER IDENTIFIER | |
| control field | NUST-PNEC |
| 005 - DATE AND TIME OF LATEST TRANSACTION | |
| control field | 20170114142532.0 |
| 008 - FIXED-LENGTH DATA ELEMENTS--GENERAL INFORMATION | |
| fixed length control field | 140508b xxu||||| |||| 00| 0 eng d |
| 020 ## - INTERNATIONAL STANDARD BOOK NUMBER | |
| International Standard Book Number | 0070858055 |
| 040 ## - CATALOGING SOURCE | |
| Transcribing agency | PNEC |
| 082 ## - DEWEY DECIMAL CLASSIFICATION NUMBER | |
| Classification number | 539.3 TIM |
| 100 ## - MAIN ENTRY--PERSONAL NAME | |
| 9 (RLIN) | 104 |
| Personal name | Timoshenko, S.P. |
| 245 ## - TITLE STATEMENT | |
| Title | Theory of Elasticity |
| Statement of responsibility, etc. | S.P. Timoshenko |
| 250 ## - EDITION STATEMENT | |
| Edition statement | 3rd ed. |
| 260 ## - PUBLICATION, DISTRIBUTION, ETC. | |
| Place of publication, distribution, etc. | Singapore |
| Name of publisher, distributor, etc. | McGraw-Hill. Inc. |
| Date of publication, distribution, etc. | c.1970 |
| 300 ## - PHYSICAL DESCRIPTION | |
| Extent | xxi, 567 p. : |
| Other physical details | ill. : |
| Dimensions | 21 cm. |
| 500 ## - GENERAL NOTE | |
| General note | Includes Index http://www.amazon.com/Elasticity-McGraw-Hill-Classic-Textbook-Reissue/dp/0070858055/ref=sr_1_1?s=books&ie=UTF8&qid=1399545861&sr=1-1&keywords=0070858055 |
| 650 ## - SUBJECT ADDED ENTRY--TOPICAL TERM | |
| General subdivision | IME |
| 942 ## - ADDED ENTRY ELEMENTS (KOHA) | |
| Source of classification or shelving scheme | |
| Koha item type | Book |
| Withdrawn status | Lost status | Source of classification or shelving scheme | Damaged status | Not for loan | Permanent Location | Current Location | Date acquired | Source of acquisition | Cost, normal purchase price | Total Checkouts | Full call number | Barcode | Date last seen | Cost, replacement price | Price effective from | Koha item type |
|---|---|---|---|---|---|---|---|---|---|---|---|---|---|---|---|---|
| Pakistan Navy Engineering College (PNEC) | Pakistan Navy Engineering College (PNEC) | 10/19/2010 | ZS Dictionary Shop | 2000.00 | 539.3 TIM | PNECBB-005826 | 05/08/2014 | 2000.00 | 10/19/2010 | Book | ||||||
| Pakistan Navy Engineering College (PNEC) | Pakistan Navy Engineering College (PNEC) | 10/19/2010 | ZS Dictionary Shop | 2000.00 | 539.3 TIM | PNECBB-005827 | 05/08/2014 | 2000.00 | 10/19/2010 | Book | ||||||
| Pakistan Navy Engineering College (PNEC) | Pakistan Navy Engineering College (PNEC) | 10/19/2010 | ZS Dictionary Shop | 2000.00 | 539.3 TIM | PNECBB-005828 | 05/08/2014 | 2000.00 | 10/19/2010 | Book | ||||||
| Pakistan Navy Engineering College (PNEC) | Pakistan Navy Engineering College (PNEC) | 10/19/2010 | ZS Dictionary Shop | 2000.00 | 539.3 TIM | PNECBB-005829 | 05/08/2014 | 2000.00 | 10/19/2010 | Book | ||||||
| Pakistan Navy Engineering College (PNEC) | Pakistan Navy Engineering College (PNEC) | 10/19/2010 | ZS Dictionary Shop | 2000.00 | 539.3 TIM | PNECBB-005830 | 05/08/2014 | 2000.00 | 10/19/2010 | Book | ||||||
| Pakistan Navy Engineering College (PNEC) | Pakistan Navy Engineering College (PNEC) | 10/19/2010 | ZS Dictionary Shop | 2000.00 | 539.3 TIM | PNECBB-005831 | 05/08/2014 | 2000.00 | 10/19/2010 | Book | ||||||
| Pakistan Navy Engineering College (PNEC) | Pakistan Navy Engineering College (PNEC) | 10/19/2010 | ZS Dictionary Shop | 2000.00 | 539.3 TIM | PNECBB-005832 | 05/08/2014 | 2000.00 | 10/19/2010 | Book | ||||||
| Pakistan Navy Engineering College (PNEC) | Pakistan Navy Engineering College (PNEC) | 10/19/2010 | ZS Dictionary Shop | 2000.00 | 539.3 TIM | PNECBB-005833 | 05/08/2014 | 2000.00 | 10/19/2010 | Book | ||||||
| Pakistan Navy Engineering College (PNEC) | Pakistan Navy Engineering College (PNEC) | 10/19/2010 | ZS Dictionary Shop | 2000.00 | 539.3 TIM | PNECBB-005834 | 05/08/2014 | 2000.00 | 10/19/2010 | Book | ||||||
| Pakistan Navy Engineering College (PNEC) | Pakistan Navy Engineering College (PNEC) | 10/19/2010 | ZS Dictionary Shop | 2000.00 | 539.3 TIM | PNECBB-005835 | 05/08/2014 | 2000.00 | 10/19/2010 | Book |
